| 000 | 04810nam a22003857a 4500 | ||
|---|---|---|---|
| 005 | 2010100401491.0 | ||
| 010 | _aB-400369-383 | ||
| 020 |
_a9788126715169 _c550.00 |
||
| 035 | _aB-400369-383 | ||
| 037 | _bराजकमल प्रकाशन/ PUB | ||
| 082 | _a820.8 | ||
| 245 |
_aश्रीलाल शुक्ल संचयिता / _cनामवर सिंह एवं सुशील सिद्धार्थ द्वारा संपादित |
||
| 260 |
_aनई दिल्ली _bराजकमल प्रकाशन _c2008 |
||
| 270 |
_a1-बी, नेताजी सुभाष मार्ग _bनई दिल्ली _e110002 |
||
| 300 |
_a447पृ _c22सेमी (सजिल्द) |
||
| 700 |
_aनामवर सिंह _922607 |
||
| 700 |
_aसुशील सिद्धार्थ _922608 |
||
| 942 |
_2ddc _cHN _mश्रीलाल _h820.8 |
||
| 999 |
_c34121 _d34121 |
||